[Event "Quebec op U1700"]
[Site "Montreal"]
[Date "2016.07.26"]
[Round "5.1"]
[White "Robillard, Jean Philippe"]
[Black "Plante, Marc Eric"]
[Result "1-0"]
[WhiteElo "1529"]
[BlackElo "1633"]
[PlyCount "141"]
[EventDate "2016.07.23"]
[EventType "swiss"]
[EventRounds "8"]
[EventCountry "CAN"]
[SourceTitle "EXT 2022"]
[Source "ChessBase"]
[SourceDate "2021.10.06"]
[SourceVersion "1"]
[SourceVersionDate "2021.10.06"]
[SourceQuality "1"]

1. d4 Nf6 2. c4 e6 3. Nf3 b6 4. a3 Be7 5. Nc3 Bb7 6. Qc2 d5 7. Bg5 Nbd7 8. cxd5 exd5 9. e3 0-0 10. Bd3 h6 11. Bh4 c5 12. Qe2 Re8 13. 0-0 Ne4 14. Bxe7 Qxe7 15. Rac1 Ng5 16. Nxg5 Qxg5 17. Nb5 Rec8 18. Nd6 Rc7 19. Qf3 Qf6 20. Qxf6 Nxf6 21. dxc5 bxc5 22. Nxb7 Rxb7 23. Rxc5 Rxb2 24. Rfc1 Rab8 25. Rc8+ Ne8 26. Bf1 Kf8 27. g3 Ke7 28. a4 Rxc8 29. Rxc8 Rb7 30. Ba6 Rc7 31. Ra8 Nd6 32. h4 Nc4 33. Bb5 Nd6 34. Bd3 Nc4 35. Rb8 h5 36. Be2 g6 37. Bf3 Rd7 38. Rb5 d4 39. Bc6 Rd6 40. Rb7+ Kf6 41. Bb5 Nd2 42. exd4 Rxd4 43. Be8 Nf3+ 44. Kg2 Ne5 45. f4 Rd2+ 46. Kf1 Ng4 47. Rxf7+ Ke6 48. Rxa7 Kf5 49. Ra5+ Ke4 50. Bxg6+ Kf3 51. Ke1 Re2+ 52. Kd1 Ne3+ 53. Kc1 Re1+ 54. Kd2 Rd1+ 55. Kc3 Kxg3 56. Bxh5 Rc1+ 57. Kd2 Nc4+ 58. Kxc1 Nxa5 59. f5 Nb3+ 60. Kb2 Nc5 61. Be8 Kxh4 62. f6 Kg5 63. f7 Ne6 64. a5 Kf6 65. a6 Ke7 66. a7 Nc7 67. Kb3 Kf8 68. Kc4 Ke7 69. Kc5 Kd8 70. Kd6 Nb5+ 71. Bxb5 1-0

[Event "Montreal Pere Noel U1800"]
[Site "Montreal"]
[Date "2012.12.29"]
[Round "4.21"]
[White "Plante, Marc Eric"]
[Black "Saine, Zachary"]
[Result "1/2-1/2"]
[WhiteElo "1690"]
[BlackElo "1477"]
[PlyCount "108"]
[EventDate "2012.12.26"]
[EventType "swiss"]
[EventRounds "5"]
[EventCountry "CAN"]
[SourceTitle "EXT 2022"]
[Source "ChessBase"]
[SourceDate "2021.10.06"]
[SourceVersion "1"]
[SourceVersionDate "2021.10.06"]
[SourceQuality "1"]

1. e4 e5 2. Nf3 Nc6 3. Bb5 Nf6 4. 0-0 d6 5. d4 exd4 6. Qxd4 Bd7 7. Bxc6 Bxc6 8. Nc3 Be7 9. Bg5 0-0 10. Rfe1 Re8 11. Rad1 Nd7 12. Bxe7 Qxe7 13. Nd5 Bxd5 14. exd5 Qf6 15. Qxf6 Nxf6 16. c4 a5 17. Nd4 Kf8 18. Nb5 Rxe1+ 19. Rxe1 Re8 20. Kf1 Rxe1+ 21. Kxe1 Ne8 22. Ke2 Ke7 23. Ke3 c6 24. dxc6 bxc6 25. Nd4 Kd7 26. Nb3 a4 27. Nd4 Nc7 28. Ne2 Na6 29. Kd4 Nb4 30. a3 Na6 31. Nf4 g5 32. Ne2 f5 33. f3 Ke6 34. g4 c5+ 35. Ke3 fxg4 36. fxg4 d5 37. cxd5+ Kxd5 38. Nc3+ Kc4 39. Nxa4 Kb3 40. Nxc5+ Nxc5 41. Kd4 Ne6+ 42. Ke5 Nf4 43. Kf6 Nh3 44. Kf5 Ka4 45. Kf6 Kb3 46. Kg7 Nf2 47. h3 Nxh3 48. Kh6 Ka4 49. b4 Kb5 50. Kh5 Ka4 51. Kh6 Kb5 52. Kxh7 Nf2 53. Kg6 Nxg4 54. Kxg5 Ne5 1/2-1/2

[Event "Sainte Adele Superfest U2000"]
[Site "Sainte Adele"]
[Date "2012.08.17"]
[Round "3"]
[White "Maheux, Pierre"]
[Black "Plante, Marc Eric"]
[Result "1-0"]
[WhiteElo "1894"]
[BlackElo "1704"]
[PlyCount "37"]
[EventDate "2012.08.15"]
[EventType "swiss"]
[EventRounds "5"]
[EventCountry "CAN"]
[SourceTitle "EXT 2022"]
[Source "ChessBase"]
[SourceDate "2021.10.06"]
[SourceVersion "1"]
[SourceVersionDate "2021.10.06"]
[SourceQuality "1"]

1. e4 e5 2. Nf3 Nf6 3. Nxe5 d6 4. Nf3 Nxe4 5. d4 d5 6. Bd3 Bd6 7. 0-0 0-0 8. Nc3 Nxc3 9. bxc3 Bg4 10. h3 Bh5 11. c4 c6 12. c5 Bc7 13. g4 Bg6 14. Bg5 Qc8 15. Re1 f5 16. Nh4 fxg4 17. Bxg6 gxh3 18. Bxh7+ Kxh7 19. Qh5+ 1-0

[Event "Sainte Adele Superfest U2000"]
[Site "Sainte Adele"]
[Date "2012.08.17"]
[Round "2"]
[White "Plante, Marc Eric"]
[Black "Villeneuve, Robert"]
[Result "1/2-1/2"]
[WhiteElo "1704"]
[BlackElo "1886"]
[PlyCount "47"]
[EventDate "2012.08.15"]
[EventType "swiss"]
[EventRounds "5"]
[EventCountry "CAN"]
[SourceTitle "EXT 2022"]
[Source "ChessBase"]
[SourceDate "2021.10.06"]
[SourceVersion "1"]
[SourceVersionDate "2021.10.06"]
[SourceQuality "1"]

1. e4 c5 2. Nf3 d6 3. d4 cxd4 4. Nxd4 Nf6 5. Nc3 g6 6. Be3 Bg7 7. f3 Nc6 8. Qd2 0-0 9. Bc4 Bd7 10. 0-0-0 Rc8 11. Bb3 Ne5 12. h4 h5 13. Bh6 Nc4 14. Bxc4 Rxc4 15. Bxg7 Kxg7 16. g4 hxg4 17. h5 Rh8 18. hxg6 fxg6 19. f4 e5 20. fxe5 dxe5 21. Nde2 Rh3 22. Rhf1 Rf3 23. Rh1 Rh3 24. Rhf1 1/2-1/2

[Event "Quebec op U1700"]
[Site "Montreal"]
[Date "2012.07.27"]
[Round "8"]
[White "Kozlov, Guennadi"]
[Black "Plante, Marc Eric"]
[Result "0-1"]
[WhiteElo "1665"]
[BlackElo "1668"]
[PlyCount "112"]
[EventDate "2012.07.21"]
[EventType "swiss"]
[EventRounds "9"]
[EventCountry "CAN"]
[SourceTitle "EXT 2022"]
[Source "ChessBase"]
[SourceDate "2021.10.06"]
[SourceVersion "1"]
[SourceVersionDate "2021.10.06"]
[SourceQuality "1"]

1. e4 e5 2. f4 exf4 3. Nf3 d6 4. d4 g5 5. h4 g4 6. Ng1 Nf6 7. Nc3 Nh5 8. Nge2 f3 9. Nf4 Ng3 10. Rh2 Nxf1 11. Kxf1 g3 12. Rh1 f2 13. Nh5 Rg8 14. Qf3 Rg6 15. Nxg3 Nc6 16. Qxf2 Nxd4 17. Qxd4 Rxg3 18. Qf2 Rg6 19. g3 Be6 20. Bf4 Bg7 21. Qe3 Bc4+ 22. Kg2 Re6 23. Qf3 Qf6 24. Nd5 Bxd5 25. exd5 Re7 26. Rhe1 Qxb2 27. Rxe7+ Kxe7 28. Re1+ Kf8 29. Qe4 Qd4 30. Qe7+ Kg8 31. Qxc7 Qxd5+ 32. Kh2 Be5 33. Rf1 Qc6 34. Qe7 Qxc2+ 35. Kh3 Qf5+ 36. Kh2 Rc8 37. Rf2 Bxf4 38. gxf4 Rc2 39. Qe3 Rxf2+ 40. Qxf2 Qg4 41. f5 d5 42. f6 d4 43. Qg3 Qxg3+ 44. Kxg3 d3 45. Kf3 d2 46. Ke2 d1Q+ 47. Kxd1 h5 48. Ke2 Kh7 49. Kf3 Kg6 50. Ke4 Kxf6 51. Kf4 b5 52. Ke4 Ke6 53. Kf4 f6 54. Ke4 f5+ 55. Kd4 Kd6 56. a3 a5 0-1

[Event "FICGS class B 000109 email"]
[Site "FICGS email"]
[Date "2010.04.23"]
[Round "1"]
[White "Plante, Marc Eric"]
[Black "De Waele, Willy"]
[Result "1-0"]
[WhiteElo "1858"]
[BlackElo "1917"]
[PlyCount "59"]
[EventDate "2010.??.??"]
[EventType "tourn (corr)"]
[EventRounds "5"]
[SourceTitle "Corr 2013"]
[Source "ChessBase"]
[SourceDate "2012.11.12"]
[SourceVersion "1"]
[SourceVersionDate "2012.11.12"]
[SourceQuality "1"]

1. e4 c5 2. Nf3 d6 3. d4 cxd4 4. Nxd4 Nf6 5. Nc3 a6 6. Be3 e6 7. f3 b5 8. g4 h6 9. Qd2 b4 10. Nce2 Nbd7 11. 0-0-0 Qc7 12. h4 d5 13. Rg1 dxe4 14. g5 hxg5 15. hxg5 exf3 16. Nxf3 Ne4 17. Qd4 Bb7 18. Bf4 Qd8 19. Bg2 Ndc5 20. g6 f6 21. Qe3 Qa5 22. Nd2 Qxa2 23. Nxe4 Qa1+ 24. Kd2 0-0-0+ 25. Nd4 Qxb2 26. Ke2 e5 27. Nxc5 Bxg2 28. Na4 Qa2 29. Rxg2 Qxa4 30. Qe4 1-0

[Event "FICGS W-ch st1 g02 email"]
[Site "FICGS email"]
[Date "2009.11.02"]
[Round "1"]
[White "Plante, Marc Eric"]
[Black "Flores, Luis"]
[Result "0-1"]
[WhiteElo "1968"]
[BlackElo "1423"]
[PlyCount "58"]
[EventDate "2009.??.??"]
[EventType "tourn (corr)"]
[EventRounds "8"]
[SourceTitle "Corr 2022"]
[Source "ChessBase"]
[SourceDate "2021.10.24"]
[SourceVersion "1"]
[SourceVersionDate "2021.10.24"]
[SourceQuality "1"]

1. e4 c5 2. Nf3 Nc6 3. d4 cxd4 4. Nxd4 e5 5. Nb5 a6 6. Nd6+ Bxd6 7. Qxd6 Qf6 8. Qxf6 Nxf6 9. Nc3 d5 10. exd5 Nb4 11. Bd3 Nxd3+ 12. cxd3 Bf5 13. Bg5 Bxd3 14. Rd1 Bf5 15. f4 Ne4 16. Nxe4 Bxe4 17. fxe5 Bxg2 18. Rg1 Bf3 19. Rd3 Be4 20. Rd4 Bg6 21. Rg3 b5 22. e6 fxe6 23. dxe6 0-0 24. e7 Rae8 25. Re3 Rf5 26. Bf4 Rf6 27. Bd6 Kf7 28. Bc5 Bf5 29. Rd8 Rc6 0-1

[Event "FICGS class A 000044 email"]
[Site "FICGS email"]
[Date "2008.07.28"]
[Round "1"]
[White "Boehme, Sebastian"]
[Black "Plante, Marc Eric"]
[Result "1-0"]
[WhiteElo "2032"]
[BlackElo "2140"]
[PlyCount "41"]
[EventDate "2008.??.??"]
[EventType "tourn (corr)"]
[EventRounds "6"]
[SourceTitle "Corr 2022"]
[Source "ChessBase"]
[SourceDate "2021.10.24"]
[SourceVersion "1"]
[SourceVersionDate "2021.10.24"]
[SourceQuality "1"]

1. e4 c5 2. Nf3 d6 3. d4 cxd4 4. Nxd4 Nf6 5. Nc3 a6 6. Bg5 e6 7. f4 Nc6 8. e5 h6 9. Bh4 Nxd4 10. Qxd4 dxe5 11. Qxd8+ Kxd8 12. fxe5 g5 13. Bg3 Nh5 14. Bf2 Bg7 15. 0-0-0+ Kc7 16. Na4 b5 17. Nb6 Rb8 18. Nxc8 Rhxc8 19. Rd6 Bxe5 20. Rxa6 b4 21. Ra7+ 1-0

[Event "FICGS W-ch st2 g02 email"]
[Site "FICGS email"]
[Date "2008.01.17"]
[Round "1"]
[White "Plante, Marc Eric"]
[Black "Lacrosse, Marc"]
[Result "1/2-1/2"]
[WhiteElo "2256"]
[BlackElo "2397"]
[PlyCount "66"]
[EventDate "2008.??.??"]
[EventType "tourn (corr)"]
[EventRounds "8"]
[SourceTitle "Corr 2022"]
[Source "ChessBase"]
[SourceDate "2021.10.24"]
[SourceVersion "1"]
[SourceVersionDate "2021.10.24"]
[SourceQuality "1"]

1. e4 c5 2. Nf3 e6 3. d4 cxd4 4. Nxd4 Bc5 5. Be3 Qb6 6. Na3 d5 7. exd5 exd5 8. Bb5+ Bd7 9. 0-0 Ne7 10. c3 Nbc6 11. Nac2 0-0 12. a4 a6 13. a5 Qc7 14. Nxc6 Bxc6 15. Bd3 Bxe3 16. Nxe3 Rad8 17. Qg4 Ng6 18. Rfd1 Nf4 19. Bf1 h5 20. Qf5 g6 21. Qf6 Ne6 22. g3 Rd6 23. Bh3 Rfd8 24. Qe5 d4 25. Nc4 Rd5 26. Qxc7 Nxc7 27. Nb6 Rb5 28. cxd4 Nd5 29. Nc4 Nb4 30. Rd2 Be4 31. Bg2 Bxg2 32. Kxg2 Nc6 33. Rad1 Nxa5 1/2-1/2

[Event "FICGS W-ch st2 g02 email"]
[Site "FICGS email"]
[Date "2008.01.17"]
[Round "1"]
[White "Plante, Marc Eric"]
[Black "Spyrydonov, Dmitry"]
[Result "1/2-1/2"]
[WhiteElo "2256"]
[BlackElo "1917"]
[PlyCount "96"]
[EventDate "2008.??.??"]
[EventType "tourn (corr)"]
[EventRounds "8"]
[SourceTitle "Corr 2022"]
[Source "ChessBase"]
[SourceDate "2021.10.24"]
[SourceVersion "1"]
[SourceVersionDate "2021.10.24"]
[SourceQuality "1"]

1. e4 c5 2. Nf3 d6 3. d4 cxd4 4. Nxd4 Nf6 5. Nc3 a6 6. Be3 e6 7. f3 b5 8. g4 h6 9. Qd2 b4 10. Nce2 e5 11. Nb3 Nc6 12. Ng3 Qc7 13. Rc1 Be6 14. c4 a5 15. Bg2 a4 16. Na1 h5 17. g5 Nd7 18. h4 Nc5 19. 0-0 Rb8 20. b3 g6 21. Ne2 Na5 22. Rb1 Bg7 23. Rfd1 axb3 24. axb3 Rb6 25. Nc1 0-0 26. Nc2 Ra8 27. Bf2 Bf8 28. Ne3 Qb7 29. f4 exf4 30. Nd5 Rba6 31. e5 Bxd5 32. Bxd5 Qc8 33. Qxf4 R8a7 34. Nd3 Naxb3 35. Nxb4 dxe5 36. Qxe5 Rb6 37. Nc6 Rxc6 38. Bxc6 Qxc6 39. Rxb3 Nxb3 40. Bxa7 Qxc4 41. Rd8 Qg4+ 42. Kf1 Qh3+ 43. Ke2 Qg4+ 44. Kf1 Qh3+ 45. Kf2 Qxh4+ 46. Qg3 Qc4 47. Qd6 Qh4+ 48. Qg3 Qc4 1/2-1/2

[Event "FICGS W-ch st1 g03 email"]
[Site "FICGS email"]
[Date "2008.01.08"]
[Round "1"]
[White "Malpalma, Joaquim"]
[Black "Plante, Marc Eric"]
[Result "1-0"]
[WhiteElo "1916"]
[BlackElo "2256"]
[PlyCount "73"]
[EventDate "2008.??.??"]
[EventType "tourn (corr)"]
[EventRounds "8"]
[SourceTitle "Corr 2022"]
[Source "ChessBase"]
[SourceDate "2021.10.24"]
[SourceVersion "1"]
[SourceVersionDate "2021.10.24"]
[SourceQuality "1"]

1. c4 Nf6 2. Nc3 g6 3. e4 d6 4. d4 Bg7 5. Nf3 0-0 6. Be2 e5 7. 0-0 Nc6 8. d5 Ne7 9. Nd2 a5 10. a3 Nd7 11. Rb1 f5 12. b4 Kh8 13. f3 Ng8 14. Qc2 Ngf6 15. Bd3 f4 16. Nb5 b6 17. Bb2 Ne8 18. Be2 h5 19. Nb3 h4 20. bxa5 h3 21. g4 fxg3 22. hxg3 Qg5 23. Kh2 bxa5 24. Bc1 Qh5 25. a4 g5 26. Be3 Ndf6 27. g4 Qg6 28. Rg1 Bd7 29. Qd2 Kg8 30. Rg3 Rf7 31. Nxa5 Bf8 32. Ra1 Rh7 33. Na7 Rh6 34. N5c6 Nh7 35. Qb2 Nef6 36. Qb7 Re8 37. Nb5 1-0

[Event "FICGS W-ch st1 g03 email"]
[Site "FICGS email"]
[Date "2008.01.08"]
[Round "1"]
[White "Plante, Marc Eric"]
[Black "Lupinacci, Nicola"]
[Result "1-0"]
[WhiteElo "2256"]
[BlackElo "1381"]
[PlyCount "43"]
[EventDate "2008.??.??"]
[EventType "tourn (corr)"]
[EventRounds "8"]
[SourceTitle "Corr 2022"]
[Source "ChessBase"]
[SourceDate "2021.10.24"]
[SourceVersion "1"]
[SourceVersionDate "2021.10.24"]
[SourceQuality "1"]

1. e4 e6 2. d4 d5 3. Nc3 Bb4 4. e5 c5 5. a3 cxd4 6. axb4 dxc3 7. Qg4 Ne7 8. Qxg7 Rg8 9. Qxh7 Qc7 10. Ne2 Qxe5 11. bxc3 Nbc6 12. b5 Nd8 13. f4 Qf6 14. Ba3 Rh8 15. Qd3 b6 16. Qd4 Qxd4 17. Nxd4 Nb7 18. c4 dxc4 19. Bxc4 Na5 20. Bd3 Bb7 21. 0-0 Rd8 22. Bb2 1-0

[Event "FICGS W-ch st1 g05 email"]
[Site "FICGS email"]
[Date "2007.07.11"]
[Round "1"]
[White "Lipsits, Sasha"]
[Black "Plante, Marc Eric"]
[Result "0-1"]
[WhiteElo "1348"]
[BlackElo "2101"]
[PlyCount "116"]
[EventDate "2007.??.??"]
[EventType "tourn (corr)"]
[EventRounds "8"]
[SourceTitle "Corr 2022"]
[Source "ChessBase"]
[SourceDate "2021.10.24"]
[SourceVersion "1"]
[SourceVersionDate "2021.10.24"]
[SourceQuality "1"]

1. e4 c5 2. Nf3 d6 3. d4 cxd4 4. Nxd4 Nf6 5. Nc3 a6 6. Bd3 Nc6 7. Nxc6 bxc6 8. 0-0 g6 9. f4 Bg7 10. Qe1 0-0 11. Qh4 Nd7 12. f5 e6 13. Qxd8 Bd4+ 14. Kh1 Rxd8 15. fxe6 fxe6 16. Na4 Be5 17. Bg5 Rf8 18. Rxf8+ Kxf8 19. Rf1+ Kg7 20. g3 c5 21. Bf4 Bb7 22. b3 g5 23. Bxe5+ Nxe5 24. Kg2 h6 25. Nc3 d5 26. exd5 exd5 27. Re1 Kf6 28. Rf1+ Ke7 29. Kh3 Bc6 30. Re1 Kd6 31. Rf1 Bd7+ 32. Kg2 Nxd3 33. cxd3 Ke5 34. Ne2 Bf5 35. d4+ cxd4 36. Nxd4 Be4+ 37. Nf3+ Bxf3+ 38. Rxf3 Rc8 39. Rf2 d4 40. Kf3 g4+ 41. Ke2 Rc2+ 42. Ke1 Rxf2 43. Kxf2 Ke4 44. Ke2 d3+ 45. Kd2 Kd4 46. a3 h5 47. b4 Kc4 48. a4 Kxb4 49. Kxd3 Kxa4 50. Kc3 Kb5 51. Kb3 a5 52. Ka3 Kc4 53. Ka4 Kd3 54. Kxa5 Ke3 55. Kb4 Kf3 56. Kc4 Kg2 57. Kd4 Kxh2 58. Ke4 Kxg3 0-1

[Event "FICGS W-ch st1 g05 email"]
[Site "FICGS email"]
[Date "2007.07.11"]
[Round "1"]
[White "Plante, Marc Eric"]
[Black "Dolganiuc, Victor"]
[Result "1-0"]
[WhiteElo "2101"]
[BlackElo "2000"]
[PlyCount "61"]
[EventDate "2007.??.??"]
[EventType "tourn (corr)"]
[EventRounds "8"]
[SourceTitle "Corr 2022"]
[Source "ChessBase"]
[SourceDate "2021.10.24"]
[SourceVersion "1"]
[SourceVersionDate "2021.10.24"]
[SourceQuality "1"]

1. e4 e5 2. Nf3 Nc6 3. Bb5 a6 4. Ba4 Nf6 5. 0-0 Be7 6. Re1 b5 7. Bb3 d6 8. c3 0-0 9. h3 Na5 10. Bc2 c5 11. d4 Qc7 12. Nbd2 Bd7 13. Nf1 Rfe8 14. b3 g6 15. Bg5 Bc6 16. Ng3 Kh8 17. Qd2 Bb7 18. Rad1 Rab8 19. d5 Qb6 20. Nh2 Bc8 21. f4 Nd7 22. Bxe7 Rxe7 23. Kh1 Qd8 24. Rf1 exf4 25. Qxf4 Ne5 26. Nf3 Rb6 27. Ng5 Qf8 28. Qh4 h6 29. Nf5 gxf5 30. exf5 f6 31. Ne6 1-0

[Event "FICGS W-ch st2 g05 email"]
[Site "FICGS email"]
[Date "2007.07.11"]
[Round "1"]
[White "Plante, Marc Eric"]
[Black "Paine, Kevin"]
[Result "1/2-1/2"]
[WhiteElo "2101"]
[BlackElo "1682"]
[PlyCount "49"]
[EventDate "2007.??.??"]
[EventType "tourn (corr)"]
[EventRounds "8"]
[SourceTitle "Corr 2022"]
[Source "ChessBase"]
[SourceDate "2021.10.24"]
[SourceVersion "1"]
[SourceVersionDate "2021.10.24"]
[SourceQuality "1"]

1. e4 c6 2. d4 d5 3. Nc3 dxe4 4. Nxe4 Bf5 5. Ng3 Bg6 6. h4 h6 7. Nf3 Nf6 8. h5 Bh7 9. Bd3 Bxd3 10. Qxd3 e6 11. Bd2 Nbd7 12. 0-0-0 Be7 13. Kb1 0-0 14. Qe2 Qb6 15. Ne5 Rad8 16. Ng6 Ba3 17. Bc1 Rfe8 18. Ne5 Be7 19. f4 c5 20. dxc5 Nxc5 21. Be3 Rxd1+ 22. Rxd1 Rd8 23. Rxd8+ Qxd8 24. c4 a6 25. Nh1 1/2-1/2

[Event "FICGS W-ch st1 g05 email"]
[Site "FICGS email"]
[Date "2007.07.11"]
[Round "1"]
[White "Plante, Marc Eric"]
[Black "Toutaoui, Khaled"]
[Result "1-0"]
[WhiteElo "2101"]
[BlackElo "1715"]
[PlyCount "57"]
[EventDate "2007.??.??"]
[EventType "tourn (corr)"]
[EventRounds "8"]
[SourceTitle "Corr 2022"]
[Source "ChessBase"]
[SourceDate "2021.10.24"]
[SourceVersion "1"]
[SourceVersionDate "2021.10.24"]
[SourceQuality "1"]

1. e4 e5 2. Nf3 Nc6 3. Bb5 d6 4. d4 exd4 5. Qxd4 Bd7 6. Bxc6 Bxc6 7. Nc3 Nf6 8. Bg5 Be7 9. 0-0-0 0-0 10. Rhe1 Nd7 11. Bxe7 Qxe7 12. Nd5 Bxd5 13. exd5 Qd8 14. g4 Re8 15. Rxe8+ Qxe8 16. Re1 Qc8 17. Nh4 g6 18. Nf3 Qf8 19. Re3 a5 20. Ng5 Qg7 21. Qxg7+ Kxg7 22. Re7 Ne5 23. f4 Nxg4 24. Rxf7+ Kg8 25. Rxc7 Nxh2 26. Rxh7 Nf3 27. Rxb7 Nxg5 28. fxg5 Re8 29. Rd7 1-0

[Event "FICGS W-ch st2 g05 email"]
[Site "FICGS email"]
[Date "2007.07.11"]
[Round "1"]
[White "Taylor, William J"]
[Black "Plante, Marc Eric"]
[Result "1-0"]
[WhiteElo "2210"]
[BlackElo "2101"]
[PlyCount "117"]
[EventDate "2007.??.??"]
[EventType "tourn (corr)"]
[EventRounds "8"]
[SourceTitle "Corr 2022"]
[Source "ChessBase"]
[SourceDate "2021.10.24"]
[SourceVersion "1"]
[SourceVersionDate "2021.10.24"]
[SourceQuality "1"]

1. e4 c5 2. Nf3 d6 3. d4 cxd4 4. Nxd4 Nf6 5. Nc3 a6 6. Be3 Nc6 7. f3 e6 8. Qd2 Be7 9. 0-0-0 0-0 10. g4 Nxd4 11. Bxd4 b5 12. g5 Nd7 13. h4 Qc7 14. Kb1 b4 15. Na4 Bb7 16. Qxb4 Bc6 17. Nc3 Rfb8 18. Qc4 Ne5 19. Qe2 Bb5 20. Nxb5 axb5 21. Qe3 Nc4 22. Bxc4 bxc4 23. Bc3 Rb6 24. Rhe1 Ra3 25. b3 Rba6 26. Rd4 cxb3 27. axb3 Ra2 28. Rc4 Qd8 29. f4 e5 30. Rf1 Bf8 31. fxe5 dxe5 32. Qf3 Ra7 33. Qf5 Qa8 34. Bxe5 Qb7 35. Bd4 R2a3 36. Qc8 Qe7 37. Bxa7 Qxa7 38. Qf5 Ra1+ 39. Kb2 Ra2+ 40. Kc1 Ra5 41. Qf3 Qe7 42. Ra4 Rc5 43. Kb1 Rc7 44. Rd1 Qe8 45. Qf5 Be7 46. Qd5 Rc8 47. Ra7 Rb8 48. h5 g6 49. hxg6 hxg6 50. Rh1 Bf8 51. Rf1 Rb5 52. Raxf7 Rxd5 53. Rxf8+ Kg7 54. exd5 Qe7 55. R1f7+ Qxf7 56. Rxf7+ Kxf7 57. Kb2 Ke7 58. Kc3 Kd6 59. Kd4 1-0